00427nam a2200157Ia 45000010006000000050017000060080041000230410008000640820016000721000029000882450099001172600009002163000028002256500008002536540008002611983920260306172722.0260306t2019||||xx |||||||||||||| ||spa|| aESP a341.11bP29 aPaulson, Stanley L.eAUT 0aLa filosofía del derecho de Gustav Radbruch:by tres ensayos de posguerra de Gustav Radbruch c2019 a233 páginas :c21 cm. aGEN aCDE